Enfermedades del tomate: guía práctica para agrónomos y agricultores
Guardat en:
| Autor principal: | |
|---|---|
| Format: | Llibre |
| Idioma: | espanyol |
| Publicat: |
Saticoy
Petoseed
1988
|
| Matèries: | |
| Etiquetes: |
Afegir etiqueta
Sense etiquetes, Sigues el primer a etiquetar aquest registre!
|
MARC
| LEADER | 00000nam a2200000 a 4500 | ||
|---|---|---|---|
| 001 | UCR3766 | ||
| 003 | CL-VaPUC | ||
| 008 | 980130e19880000us |||||||||||||||||spa|d | ||
| 082 | 0 | 4 | |a 635.6429 |b WAT |2 21 |
| 100 | 0 | |a Watterson, Jon |e author |9 403032 | |
| 245 | 1 | 0 | |a Enfermedades del tomate: guía práctica para agrónomos y agricultores |
| 300 | |a 47 p | ||
| 942 | |c BK | ||
| 945 | |d 19980130 00:00:00 |a rleighto | ||
| 260 | |a Saticoy |b Petoseed |c 1988 | ||
| 650 | 0 | |a Vegetales |9 264557 | |
| 650 | 7 | |a TOMATE |2 CL-VaPUC |9 264158 | |
| 650 | 0 | |a Enfermedades |9 263059 | |
| 650 | 7 | |a PLAGAS |2 CL-VaPUC |9 264624 | |
| 650 | 7 | |a ENFERMEDADES FUNGOSAS |2 CL-VaPUC |9 340452 | |
| 650 | 7 | |a ENFERMEDADES BACTERIANAS |2 CL-VaPUC |9 403033 | |
| 650 | 0 | |a Enfermedades virales |9 403496 | |
| 650 | 7 | |a ENFERMEDADES FISIOLOGICAS |2 CL-VaPUC |9 403034 | |
| 650 | 7 | |a LYCOPERSICON ESCULENTUM |2 CL-VaPUC |9 264426 | |
| 583 | |a last modification |c 20171204 04:49:17 |k Rodrigo Vera | ||
| 999 | |c 266794 |d 266792 | ||
| 952 | |0 0 |1 0 |4 0 |6 635_642900000000000_WAT_1988 |7 0 |8 A |9 298719 |a BIBAGR |b BIBAGR |d 2019-11-20 |i 3394654 |o 635.6429 WAT 1988 |p 3394654 |r 2025-01-20 |w 2019-11-20 |y BK |k AGR | ||